[Event "World Junior Open 2015"]
[Site "Khanty-Mansiysk RUS"]
[Date "2015.09.06"]
[Round "5.31"]
[White "Dias, Matheus Nunes"]
[Black "Sabirov, Timur"]
[Result "0-1"]
[WhiteElo "1699"]
[BlackElo "1665"]
[WhiteFideId "2136570"]
[BlackFideId "44107323"]
[EventDate "2015.09.02"]

1. d4 Nf6 2. c4 c5 3. e3 cxd4 4. exd4 g6 5. Nc3 Bg7 6. g3 a6 7. Bg2 Qc7 8. Qe2
O-O 9. Nf3 d6 10. O-O Nc6 11. Be3 Re8 12. Qd2 e5 13. dxe5 dxe5 14. Ng5 Bf5 15.
Nd5 Qd6 16. Rad1 h6 17. Nxf6+ Qxf6 18. Ne4 Bxe4 19. Bxe4 Rad8 20. Bd5 g5 21. Bb6
Rd7 22. Qe3 Rc8 23. Qe4 Re7 24. Rfe1 Ree8 25. Bxc6 Qxc6 26. Qxc6 Rxc6 27. c5 e4
28. Re2 Rce6 29. b4 f5 30. a4 Bf8 31. Rd7 R8e7 32. Red2 f4 33. gxf4 gxf4 34.
R2d6 Rxd6 35. Rxd6 Rg7+ 36. Kf1 Bxd6 37. cxd6 Rd7 38. Bc7 Kf7 39. Kg2 Kf6 40.
Kh3 e3 41. fxe3 fxe3 42. Kg2 Ke5 43. Kf3 Kd4 44. Ke2 Kc4 45. Kxe3 Kxb4 46. a5
Kc5 47. Ke4 Rxd6 48. Bxd6+ Kxd6 49. Kf5 b5 50. axb6 a5 51. Kg6 a4 52. b7 Kc7 53.
Kxh6 a3 54. h4 a2 55. b8=Q+ Kxb8 56. Kh7 a1=Q 57. h5 Qf6 58. h6 Kc7 0-1

[Event "World Junior Open 2015"]
[Site "Khanty-Mansiysk RUS"]
[Date "2015.09.07"]
[Round "6.1"]
[White "Duda, Jan-Krzysztof"]
[Black "Grigoryan, Karen H."]
[Result "1-0"]
[WhiteTitle "GM"]
[BlackTitle "GM"]
[WhiteElo "2645"]
[BlackElo "2609"]
[WhiteFideId "1170546"]
[BlackFideId "13301004"]
[EventDate "2015.09.02"]

1. e4 e5 2. Nf3 Nc6 3. Nc3 Nf6 4. Bb5 Nd4 5. Ba4 Bc5 6. Nxe5 O-O 7. Nd3 Bb6 8.
e5 Ne8 9. O-O d5 10. Kh1 c6 11. Ne2 Qh4 12. Ng3 Bg4 13. f3 Be6 14. c3 Nf5 15.
Ne2 d4 16. Bc2 Rd8 17. c4 f6 18. b3 fxe5 19. Ba3 Rf6 20. Qe1 Qh6 21. Nxe5 d3 22.
Ng4 dxe2 23. Nxh6+ Rxh6 24. Rf2 Bxf2 25. Qxf2 Rxd2 26. Qc5 Ned6 27. Qa5 Rxc2 28.
Qd8+ Kf7 29. Qc7+ Ke8 30. Re1 Rd2 31. Kg1 Rd1 32. Kf2 Rxe1 33. Kxe1 Nc8 34. Kxe2
Bd7 35. Qxb7 Rxh2 36. Kf2 Rh6 37. Bc5 Nfd6 38. Qb8 a6 39. Qa8 Rf6 40. Kg1 a5 41.
Bd4 Rg6 42. Qxa5 Nf5 43. Bf2 Rd6 44. Qe1+ Kf7 45. Bc5 Re6 46. Qd2 Ke8 47. a4
Nfd6 48. Ba3 1-0

[Event "World Junior Open 2015"]
[Site "Khanty-Mansiysk RUS"]
[Date "2015.09.07"]
[Round "6.2"]
[White "Bok, Benjamin"]
[Black "Bajarani, Ulvi"]
[Result "1/2-1/2"]
[WhiteTitle "GM"]
[BlackTitle "GM"]
[WhiteElo "2586"]
[BlackElo "2535"]
[WhiteFideId "1017063"]
[BlackFideId "13403028"]
[EventDate "2015.09.02"]

1. e4 e6 2. d4 d5 3. Nc3 Bb4 4. e5 c5 5. a3 Bxc3+ 6. bxc3 Ne7 7. Qg4 cxd4 8.
Qxg7 Rg8 9. Qxh7 Qc7 10. Ne2 dxc3 11. f4 Nbc6 12. Qd3 Bd7 13. Nxc3 O-O-O 14. Nb5
Nxe5 15. Nxc7 Nxd3+ 16. cxd3 Kxc7 17. Bb2 Nf5 18. Be5+ Kc8 19. Rc1+ Bc6 20. g3
Kd7 21. Bh3 Nh6 22. Bd4 a6 23. Kf2 Rg6 24. Rhg1 f5 25. Rh1 Rdg8 26. Rc3 Nf7 27.
Bg2 Nd6 28. Rcc1 Nb5 29. Bb2 a5 30. Bf3 a4 31. Rc5 Ke7 32. Re1 Rh6 33. h4 Kf7
34. Bd1 Ra8 35. Bf3 Ra6 36. Rec1 Rb6 37. Bd1 Ra6 38. Bf3 Nc7 39. Be5 Ne8 40. Rb1
Nf6 41. Bxf6 Kxf6 42. d4 Rh7 43. Be2 Ra8 44. Rb4 Rg7 45. Bb5 Bxb5 46. Rbxb5 Ra6
47. Rb4 Rh7 48. Rc8 Rg7 49. Kf3 Kg6 1/2-1/2

[Event "World Junior Open 2015"]
[Site "Khanty-Mansiysk RUS"]
[Date "2015.09.07"]
[Round "6.3"]
[White "Van Foreest, Jorden"]
[Black "Bai, Jinshi"]
[Result "1-0"]
[WhiteTitle "IM"]
[BlackTitle "IM"]
[WhiteElo "2541"]
[BlackElo "2519"]
[WhiteFideId "1039784"]
[BlackFideId "8602280"]
[EventDate "2015.09.02"]

1. e4 c5 2. Nf3 e6 3. d4 cxd4 4. Nxd4 Nc6 5. Nc3 a6 6. Be3 Nf6 7. Qf3 Bb4 8.
Nxc6 bxc6 9. Bd4 c5 10. Be5 Bb7 11. O-O-O Bxc3 12. Qxc3 Nxe4 13. Qe3 f6 14. Bg3
O-O 15. f3 Nxg3 16. hxg3 f5 17. Bc4 Re8 18. Rd6 Qc7 19. Qe5 Re7 20. g4 fxg4 21.
Rxe6 dxe6 22. Bxe6+ Kf8 23. Rxh7 Rd7 24. Rh8+ Ke7 25. Qxg7+ Kxe6 26. Qxg4+ Ke7
27. Qg5+ Kf7 28. Rh7+ Ke6 29. Rh6+ 1-0

[Event "World Junior Open 2015"]
[Site "Khanty-Mansiysk RUS"]
[Date "2015.09.07"]
[Round "6.4"]
[White "Leiva, Giuseppe"]
[Black "Bluebaum, Matthias"]
[Result "0-1"]
[WhiteTitle "IM"]
[BlackTitle "GM"]
[WhiteElo "2400"]
[BlackElo "2580"]
[WhiteFideId "3804399"]
[BlackFideId "24651516"]
[EventDate "2015.09.02"]

1. Nf3 Nf6 2. c4 b6 3. g3 Bb7 4. Bg2 g6 5. d4 Bg7 6. O-O O-O 7. Qc2 c5 8. d5 b5
9. e4 bxc4 10. Nbd2 e6 11. dxe6 fxe6 12. e5 Ng4 13. Ne4 Na6 14. Qxc4 Rxf3 15.
Bxf3 Nxe5 16. Qe2 Nxf3+ 17. Qxf3 Qb6 18. Qg4 Nb4 19. Bg5 Nc2 20. Rad1 Nd4 21.
Bf6 Rf8 22. Bxg7 Kxg7 23. f3 Qc6 24. Nxc5 Nxf3+ 25. Rxf3 Qxc5+ 0-1

[Event "World Junior Open 2015"]
[Site "Khanty-Mansiysk RUS"]
[Date "2015.09.07"]
[Round "6.5"]
[White "Gagare, Shardul"]
[Black "Rambaldi, Francesco"]
[Result "1/2-1/2"]
[WhiteTitle "IM"]
[BlackTitle "IM"]
[WhiteElo "2469"]
[BlackElo "2540"]
[WhiteFideId "5037883"]
[BlackFideId "20657307"]
[EventDate "2015.09.02"]

1. d4 Nf6 2. c4 g6 3. g3 c5 4. d5 b5 5. cxb5 a6 6. bxa6 d6 7. Nc3 Bg7 8. Bg2 O-O
9. Nf3 Nbd7 10. O-O Nb6 11. Ne1 Bxa6 12. Rb1 Nc4 13. Nc2 Nd7 14. Ne4 Qa5 15. a3
Rfb8 16. b3 f5 17. Ng5 Qc3 18. Ne3 Nxe3 19. Bxe3 Bc8 20. Bd2 Qf6 21. Ne6 Rxa3
22. Bg5 Qe5 23. Bf4 Qc3 24. Bd2 Qe5 25. Bf4 Qc3 1/2-1/2

[Event "World Junior Open 2015"]
[Site "Khanty-Mansiysk RUS"]
[Date "2015.09.07"]
[Round "6.6"]
[White "Antipov, Mikhail Al."]
[Black "Ali Marandi, Cemil Can"]
[Result "1/2-1/2"]
[WhiteTitle "GM"]
[BlackTitle "IM"]
[WhiteElo "2538"]
[BlackElo "2422"]
[WhiteFideId "4107012"]
[BlackFideId "6300529"]
[EventDate "2015.09.02"]

1. Nf3 Nf6 2. g3 g6 3. c4 c6 4. b3 Bg7 5. Bb2 O-O 6. Bg2 d5 7. O-O a5 8. Nc3 Bg4
9. d4 Bxf3 10. Bxf3 e6 11. e3 Nbd7 12. Bg2 Qe7 13. f4 Rfd8 14. Qe2 Ne8 15. Rfc1
a4 16. Rab1 axb3 17. axb3 f5 18. c5 Nc7 19. Ra1 1/2-1/2

[Event "World Junior Open 2015"]
[Site "Khanty-Mansiysk RUS"]
[Date "2015.09.07"]
[Round "6.7"]
[White "Cori, Jorge"]
[Black "Tran, Tuan Minh"]
[Result "1-0"]
[WhiteTitle "GM"]
[BlackTitle "IM"]
[WhiteElo "2637"]
[BlackElo "2417"]
[WhiteFideId "3802272"]
[BlackFideId "12401820"]
[EventDate "2015.09.02"]

1. d4 Nf6 2. c4 e6 3. g3 c5 4. d5 exd5 5. cxd5 b5 6. Bg2 d6 7. e4 Nbd7 8. Nf3 g6
9. O-O Bg7 10. Nc3 Qb6 11. a4 b4 12. Nb5 Ba6 13. Re1 O-O 14. Bf1 Rfe8 15. a5 Qb8
16. Nxd6 Qxd6 17. Bf4 Ne5 18. Bxe5 Rxe5 19. Nxe5 Bxf1 20. Nc6 Bb5 21. e5 Qd7 22.
exf6 Bxf6 23. Qf3 Qd6 24. Rab1 Bxc6 25. dxc6 Rc8 26. b3 Qxc6 27. Re4 Kg7 28. Kg2
Qc7 29. Rd1 Bd4 30. h4 h5 31. Rde1 Qxa5 32. Re7 Bf6 33. Rxf7+ Kxf7 34. Qd5+ Kf8
35. Qd6+ Kg7 36. Qd7+ Kh6 37. Qxc8 Qa2 38. Re6 1-0

[Event "World Junior Open 2015"]
[Site "Khanty-Mansiysk RUS"]
[Date "2015.09.07"]
[Round "6.8"]
[White "Tari, Aryan"]
[Black "Sunilduth Lyna, Narayanan"]
[Result "1-0"]
[WhiteTitle "IM"]
[BlackTitle "IM"]
[WhiteElo "2518"]
[BlackElo "2473"]
[WhiteFideId "1510045"]
[BlackFideId "5058422"]
[EventDate "2015.09.02"]

1. d4 Nf6 2. c4 g6 3. Nc3 Bg7 4. e4 O-O 5. Bd3 c5 6. d5 d6 7. Nge2 e5 8. h3 a6
9. Be3 Nh5 10. g4 Nf4 11. Nxf4 exf4 12. Bxf4 Qe7 13. Qd2 Nd7 14. Bg5 f6 15. Be3
Ne5 16. Be2 b5 17. f4 Nxc4 18. Bxc4 bxc4 19. f5 Rb8 20. O-O-O Bd7 21. Bh6 Rb4
22. Bxg7 Kxg7 23. Qf4 Re8 24. Rd2 Qe5 25. Qxe5 Rxe5 26. Rf2 Rb8 27. Rhf1 Rf8 28.
Kd2 Ree8 29. h4 Re5 30. Rf4 Rf7 31. Ke3 Rf8 32. R1f2 Bc8 33. Ke2 Bd7 34. Kf1 Rf7
35. Kg2 Rf8 36. Kg3 Rf7 37. fxg6 hxg6 38. g5 f5 39. exf5 Re3+ 40. R2f3 Rxf3+ 41.
Kxf3 Bxf5 42. Rxc4 Re7 43. Ne4 Bxe4+ 44. Rxe4 Rf7+ 45. Rf4 Rb7 46. b3 a5 47. Ke3
Rb8 48. Kd3 Rb7 49. Kc3 Re7 50. Kc4 Re2 51. Kb5 Rxa2 52. Kc6 Rb2 53. Kxd6 Rxb3
54. Kxc5 Rc3+ 55. Kd6 Rc8 56. Ke7 Rc7+ 57. Ke6 1-0

[Event "World Junior Open 2015"]
[Site "Khanty-Mansiysk RUS"]
[Date "2015.09.07"]
[Round "6.9"]
[White "Arat, Ufuk Sezen"]
[Black "Abasov, Nijat"]
[Result "0-1"]
[WhiteTitle "FM"]
[BlackTitle "GM"]
[WhiteElo "2441"]
[BlackElo "2511"]
[WhiteFideId "6309089"]
[BlackFideId "13402960"]
[EventDate "2015.09.02"]

1. d4 f5 2. Nf3 g6 3. g3 Bg7 4. Bg2 Nf6 5. O-O O-O 6. b3 d6 7. Bb2 c6 8. Nbd2 a5
9. c4 Qc7 10. Qc2 Na6 11. a3 Bd7 12. e4 fxe4 13. Nxe4 Nxe4 14. Qxe4 Bf5 15. Qe2
Rae8 16. d5 e5 17. dxe6 Nc5 18. Bxg7 Qxg7 19. Qd1 Bxe6 20. Nd4 Bf7 21. Rc1 Qf6
22. Qd2 Ne4 23. Qd3 Nc5 24. Qd2 a4 25. b4 Nb3 26. Nxb3 axb3 27. Qd3 Qb2 28. Rc3
Qe2 29. Qd4 b2 30. Qd1 Bxc4 31. Qxe2 Rxe2 32. Rxc4 Rfxf2 33. Rxf2 b1=Q+ 34. Bf1
Rxf2 35. Kxf2 Qb2+ 36. Be2 Qxa3 37. Re4 d5 0-1

[Event "World Junior Open 2015"]
[Site "Khanty-Mansiysk RUS"]
[Date "2015.09.07"]
[Round "6.10"]
[White "Gordievsky, Dmitry"]
[Black "Laurusas, Tomas"]
[Result "1-0"]
[WhiteTitle "FM"]
[BlackTitle "IM"]
[WhiteElo "2511"]
[BlackElo "2429"]
[WhiteFideId "24112798"]
[BlackFideId "12803731"]
[EventDate "2015.09.02"]

1. Nf3 Nf6 2. g3 d5 3. Bg2 c6 4. O-O Bf5 5. d3 h6 6. Nbd2 e6 7. Qe1 Nbd7 8. b3
Be7 9. e4 dxe4 10. dxe4 Bh7 11. Bb2 O-O 12. Qe2 a5 13. a3 Qb6 14. Rfd1 Rfd8 15.
e5 Nd5 16. Ne4 Nc5 17. Nfd2 Bxe4 18. Bxe4 Bg5 19. Nc4 Qa6 20. Bf3 b5 21. Nd6 b4
22. Qe1 Rdb8 23. Bd4 Qb6 24. h4 Be7 25. Bxd5 cxd5 26. axb4 axb4 27. Qe3 Rxa1 28.
Rxa1 Bxd6 29. exd6 Qxd6 30. Be5 1-0

[Event "World Junior Open 2015"]
[Site "Khanty-Mansiysk RUS"]
[Date "2015.09.07"]
[Round "6.11"]
[White "Studer, Noel"]
[Black "Karthikeyan, Murali"]
[Result "0-1"]
[WhiteTitle "IM"]
[BlackTitle "GM"]
[WhiteElo "2422"]
[BlackElo "2509"]
[WhiteFideId "1319620"]
[BlackFideId "5074452"]
[EventDate "2015.09.02"]

1. e4 c5 2. Nf3 e6 3. d4 cxd4 4. Nxd4 a6 5. Nc3 Qc7 6. Bd3 Nf6 7. f4 d6 8. O-O
Be7 9. Kh1 Nbd7 10. Bd2 b6 11. Qf3 Bb7 12. Rae1 h5 13. b4 h4 14. Qe2 Nh5 15. Rf3
Bf6 16. Qf2 Rc8 17. Nd1 e5 18. fxe5 Nxe5 19. Rxf6 Nxf6 20. Nf5 Kf8 21. Bg5 Nfg4
22. Qd4 f6 23. Bf4 h3 24. Re2 Rd8 25. Nc3 g6 26. Ne3 hxg2+ 27. Kxg2 Nxh2 28. Kf2
Nhf3 29. Ned5 Nxd4 0-1

[Event "World Junior Open 2015"]
[Site "Khanty-Mansiysk RUS"]
[Date "2015.09.07"]
[Round "6.13"]
[White "Saiyn, Zhanat"]
[Black "Georgiadis, Nico"]
[Result "1/2-1/2"]
[WhiteTitle "IM"]
[BlackTitle "IM"]
[WhiteElo "2413"]
[BlackElo "2484"]
[WhiteFideId "13703820"]
[BlackFideId "1300113"]
[EventDate "2015.09.02"]

1. d4 f5 2. c4 Nf6 3. g3 g6 4. Bg2 Bg7 5. Nf3 O-O 6. O-O d6 7. Nc3 Qe8 8. b3 c6
9. Ba3 Na6 10. Rc1 Rb8 11. d5 c5 12. Nb5 Bd7 13. Qd3 Ne4 14. e3 Bxb5 15. cxb5
Nc7 16. Nd4 Qd7 17. Bxe4 cxd4 18. Bf3 Qxb5 19. Rc4 Rbc8 20. Qc2 d3 21. Qc1 Qd7
22. Rd1 Na8 23. Rxd3 Nb6 24. Rxc8 Rxc8 25. Qb1 Qb5 26. Rd1 Qa5 27. Bc1 Qc5 28.
Bd2 Qc2 29. a4 Qxb1 30. Rxb1 Bc3 31. Bc1 Nd7 32. Kf1 a5 33. Be2 Kf7 34. Bb5 Nf6
35. Bc4 Ne4 36. f3 Nc5 37. Ba3 Bb4 38. Bxb4 axb4 39. Bb5 Kf6 40. Rc1 Ke5 41. Rc4
Kxd5 42. Rd4+ Ke5 43. Rxb4 d5 44. Be2 Kd6 45. Ke1 e5 46. a5 Rc6 47. Rb5 Rc7 48.
Rb6+ Ke7 49. Kd2 Nd7 50. Rb4 Kd6 51. Bd1 Kc5 52. Ra4 Nb8 53. Be2 Nc6 54. h4 Nb4
55. f4 exf4 56. gxf4 Nc6 57. Bf3 Kb5 58. Be2+ Kc5 59. Bf3 Kb5 1/2-1/2

[Event "World Junior Open 2015"]
[Site "Khanty-Mansiysk RUS"]
[Date "2015.09.07"]
[Round "6.14"]
[White "Yuffa, Daniil"]
[Black "Korchmar, Vasiliy"]
[Result "1/2-1/2"]
[WhiteTitle "IM"]
[BlackTitle "IM"]
[WhiteElo "2476"]
[BlackElo "2409"]
[WhiteFideId "24131423"]
[BlackFideId "24131750"]
[EventDate "2015.09.02"]

1. Nf3 Nf6 2. c4 c6 3. g3 g6 4. b3 Bg7 5. Bb2 d5 6. Bg2 O-O 7. O-O Bg4 8. d3
Bxf3 9. Bxf3 e6 10. Nd2 Ne8 11. d4 Nd6 12. e3 Nf5 13. b4 Nd7 14. b5 c5 15. cxd5
exd5 16. Bxd5 cxd4 17. e4 Nd6 18. Ba3 Qb6 19. Rc1 Nxb5 20. Bxf8 Rxf8 21. Nc4 Qa6
22. Re1 Nc3 23. Qf3 b5 24. Nb2 Ne5 25. Qg2 Nxd5 26. exd5 Qa3 27. f4 Nf3+ 28. Kh1
Nxe1 29. Rxe1 Qxa2 30. Nd3 Qxg2+ 31. Kxg2 Rd8 32. Ra1 Rxd5 33. Rxa7 h5 34. Rb7
Bf6 35. Kf3 Bg7 36. Rb8+ Kh7 37. Rb7 Kg8 38. Rb8+ Kh7 39. Rb7 f5 40. h4 Kg8 41.
Ke2 Bf6 42. Kd2 Kf8 43. Ke2 Ke8 44. Kd2 Kf8 45. Ke2 Ke8 46. Kd2 Kf8 1/2-1/2

[Event "World Junior Open 2015"]
[Site "Khanty-Mansiysk RUS"]
[Date "2015.09.07"]
[Round "6.15"]
[White "Chigaev, Maksim"]
[Black "Bida, Mihai-Eugen"]
[Result "1/2-1/2"]
[WhiteTitle "IM"]
[BlackTitle "FM"]
[WhiteElo "2531"]
[BlackElo "2394"]
[WhiteFideId "4108116"]
[BlackFideId "1200062"]
[EventDate "2015.09.02"]

1. f4 d5 2. Nf3 Nf6 3. g3 c6 4. Bg2 Qb6 5. d4 g6 6. O-O Bg7 7. a4 a5 8. e3 O-O
9. b3 c5 10. c3 Bf5 11. Na3 Rc8 12. Nb5 Na6 13. Ba3 Ne4 14. Rc1 Nc7 15. c4 Nxb5
16. axb5 Bg4 17. dxc5 Nxc5 18. Qxd5 Nxb3 19. Ng5 Nxc1 20. Qxf7+ Kh8 21. Bxc1 Rc7
22. Bb2 e5 23. Qd5 Qxe3+ 24. Kh1 exf4 25. Bxg7+ Kxg7 26. Be4 Re8 27. Rxf4 1/2-1/2

[Event "World Junior Open 2015"]
[Site "Khanty-Mansiysk RUS"]
[Date "2015.09.07"]
[Round "6.16"]
[White "Bilguun, Sumiya"]
[Black "Pichot, Alan"]
[Result "1/2-1/2"]
[WhiteTitle "FM"]
[BlackTitle "IM"]
[WhiteElo "2343"]
[BlackElo "2528"]
[WhiteFideId "4901541"]
[BlackFideId "110973"]
[EventDate "2015.09.02"]

1. e4 c5 2. Nf3 e6 3. d4 cxd4 4. Nxd4 Nf6 5. Nc3 d6 6. Be3 a6 7. f3 b5 8. Qd2
Nbd7 9. g4 h6 10. O-O-O Bb7 11. Bd3 Ne5 12. h4 b4 13. Nce2 d5 14. exd5 Nxd5 15.
g5 Bc5 16. Bg1 Qb6 17. g6 O-O 18. gxf7+ Rxf7 19. Be4 Rc8 20. Bh2 Nxf3 21. Bxf3
Rxf3 22. Rhg1 Re3 23. Rg6 Rxe2 24. Qxe2 Bxd4 25. Rxd4 Qxd4 26. Qxe6+ Kh7 27.
Rxh6+ gxh6 28. Qf5+ Kg7 29. Be5+ Qxe5 30. Qxe5+ Kf7 31. Qh5+ Ke6 32. Qxh6+ Nf6
33. Qe3+ Be4 34. Qh3+ Bf5 35. Qe3+ Kf7 36. Qb3+ Kg6 37. Qg3+ Kh7 38. c3 Ne4 39.
Qe5 Rc5 40. Qe7+ Kh6 41. Qf8+ Kh5 42. a3 bxa3 43. bxa3 Kxh4 44. Kb2 Kg4 45. a4
a5 46. Qg7+ Kf3 47. Qh8 Nf2 48. Kb3 Be4 49. c4 Rf5 1/2-1/2

[Event "World Junior Open 2015"]
[Site "Khanty-Mansiysk RUS"]
[Date "2015.09.07"]
[Round "6.17"]
[White "Akash, G"]
[Black "Barbot, Pierre1"]
[Result "1-0"]
[WhiteTitle "IM"]
[BlackTitle "FM"]
[WhiteElo "2382"]
[BlackElo "2455"]
[WhiteFideId "5040299"]
[BlackFideId "663727"]
[EventDate "2015.09.02"]

1. e4 c5 2. Nf3 d6 3. d4 cxd4 4. Nxd4 Nf6 5. Nc3 Nc6 6. Bg5 e6 7. Qd2 Be7 8.
O-O-O Nxd4 9. Qxd4 O-O 10. f4 Qa5 11. h4 d5 12. Bxf6 Bxf6 13. e5 Be7 14. Kb1 Bd7
15. f5 Bc5 16. Qf4 Qb4 17. Qg3 Kh8 18. h5 Be7 19. Bd3 h6 20. f6 Rg8 21. fxe7
Qxe7 22. Qh4 Qf8 23. Rdf1 Rc8 24. Nb5 Bxb5 25. Bxb5 Rc7 26. Rf3 Qc8 27. Bd3 Rd8
28. Rhf1 Rdd7 29. g4 a6 30. g5 Qd8 31. Rg3 hxg5 32. Rxg5 1-0

[Event "World Junior Open 2015"]
[Site "Khanty-Mansiysk RUS"]
[Date "2015.09.07"]
[Round "6.18"]
[White "Loiseau, Quentin"]
[Black "Makhnyov, Denis"]
[Result "1-0"]
[WhiteTitle "IM"]
[BlackTitle "FM"]
[WhiteElo "2419"]
[BlackElo "2358"]
[WhiteFideId "665274"]
[BlackFideId "13707647"]
[EventDate "2015.09.02"]

1. d4 Nf6 2. Nf3 e6 3. c4 b6 4. g3 Bb7 5. Bg2 Be7 6. O-O O-O 7. Re1 c5 8. d5
exd5 9. Nh4 Ne4 10. cxd5 Bxh4 11. Bxe4 Bf6 12. Nc3 d6 13. Bg2 Nd7 14. e4 a6 15.
a4 Re8 16. Be3 Ne5 17. Qe2 c4 18. Red1 Nd3 19. Rxd3 cxd3 20. Qxd3 Rc8 21. Ra3
Rb8 22. Rb3 Bc8 23. Ne2 Bd7 24. Qxa6 Ra8 25. Qd3 Rxa4 26. h4 b5 27. Nc3 Ra1+ 28.
Kh2 Qa5 29. Bd2 b4 30. Ne2 Bb5 31. Qe3 Qa6 32. Bf3 Ra4 33. Nd4 Bc4 34. Rxb4 Rxb4
35. Bxb4 Bxd5 36. Nf5 Be6 37. Nxd6 Rb8 38. Bc5 Rxb2 39. Ne8 Rb3 40. Nxf6+ gxf6
41. Qf4 Qa1 42. Qh6 Rb8 43. Be7 Qf1 44. Bg2 Qe2 45. f3 1-0

[Event "World Junior Open 2015"]
[Site "Khanty-Mansiysk RUS"]
[Date "2015.09.07"]
[Round "6.19"]
[White "Sanal, Vahap"]
[Black "Popov, Mikhail"]
[Result "1-0"]
[WhiteTitle "IM"]
[BlackTitle "FM"]
[WhiteElo "2522"]
[BlackElo "2327"]
[WhiteFideId "6300545"]
[BlackFideId "4146182"]
[EventDate "2015.09.02"]

1. e4 c5 2. Nf3 d6 3. d4 cxd4 4. Nxd4 Nf6 5. Nc3 a6 6. Bg5 Nbd7 7. Bc4 Qb6 8.
Bb3 e6 9. Qd2 Be7 10. f3 Nc5 11. O-O-O Qc7 12. g4 Bd7 13. Kb1 b5 14. a3 Rb8 15.
h4 a5 16. Qe2 Qb7 17. e5 dxe5 18. Qxe5 a4 19. Rhe1 axb3 20. Nf5 bxc2+ 21. Kxc2
Bf8 22. Rd4 Rc8 23. h5 h6 24. Nxg7+ Bxg7 25. Bxf6 Bxf6 26. Qxf6 Rf8 27. Red1 Qc7
28. Kb1 Bc6 29. Qxh6 Na4 30. R1d3 Nc5 31. Rd1 Qe5 32. f4 Qe3 33. Qg5 Nd7 34.
Nxb5 f6 35. Nd6+ Kd8 36. Qa5+ Ke7 37. Qb4 Kd8 38. Nxc8 Kxc8 39. Rc4 Kc7 40. Qd6+ 1-0

[Event "World Junior Open 2015"]
[Site "Khanty-Mansiysk RUS"]
[Date "2015.09.07"]
[Round "6.20"]
[White "Iskandarov, Misratdin"]
[Black "Serikbay, Chingiz"]
[Result "1-0"]
[WhiteTitle "IM"]
[BlackTitle "FM"]
[WhiteElo "2405"]
[BlackElo "2272"]
[WhiteFideId "13400312"]
[BlackFideId "13707604"]
[EventDate "2015.09.02"]

1. e4 e6 2. d4 d5 3. Nc3 Bb4 4. exd5 exd5 5. Bd3 Nc6 6. Nf3 Bg4 7. O-O Nf6 8.
Re1+ Be7 9. Be2 O-O 10. h3 Bf5 11. Bd3 Bxd3 12. Qxd3 h6 13. a3 Bd6 14. Ne5 Re8
15. Bf4 Nd7 16. Qf5 Ndxe5 17. dxe5 g6 18. Qd3 Nxe5 19. Qxd5 c6 20. Qd2 g5 21.
Bg3 Nc4 22. Qd3 Bxg3 23. Qxg3 Qf6 24. Ne4 Qf5 25. Qd3 b5 26. Qd4 Re5 27. b3 Rae8
28. f3 Nb6 29. Re2 Qe6 30. Rae1 c5 31. Qa1 Nd7 32. Nxc5 Rxe2 33. Nxe6 Rxe1+ 34.
Qxe1 Rxe6 35. Qa5 a6 36. a4 bxa4 37. Qxa4 Ne5 38. h4 Ng6 39. hxg5 hxg5 40. Qg4 1-0

[Event "World Junior Open 2015"]
[Site "Khanty-Mansiysk RUS"]
[Date "2015.09.07"]
[Round "6.21"]
[White "Carneiro, Vitor Roberto Castro"]
[Black "Taalaibekov, Tagir"]
[Result "0-1"]
[WhiteTitle "CM"]
[WhiteElo "2405"]
[BlackElo "2222"]
[WhiteFideId "2130106"]
[BlackFideId "13801163"]
[EventDate "2015.09.02"]

1. c4 e5 2. g3 Nc6 3. Nc3 Nf6 4. Bg2 Bc5 5. Nf3 O-O 6. O-O d6 7. d3 a5 8. b3 h6
9. Bb2 Bf5 10. h3 Qd7 11. Kh2 Bh7 12. a3 Rae8 13. e3 Ba7 14. d4 exd4 15. exd4
Re7 16. Qd2 Rfe8 17. Rad1 Qf5 18. Nb5 Re2 19. Qc1 Rc2 20. Nh4 Rxc1 21. Nxf5 Rxd1
22. Rxd1 Bxf5 23. d5 Ne5 24. Nxa7 Bc2 25. Re1 Neg4+ 26. hxg4 Nxg4+ 0-1

[Event "World Junior Open 2015"]
[Site "Khanty-Mansiysk RUS"]
[Date "2015.09.07"]
[Round "6.22"]
[White "Bogdanov, Egor"]
[Black "Harsha, Bharathakoti"]
[Result "1/2-1/2"]
[WhiteElo "2333"]
[BlackElo "2393"]
[WhiteFideId "14119137"]
[BlackFideId "5078776"]
[EventDate "2015.09.02"]

1. e4 c5 2. Nf3 e6 3. c3 d5 4. exd5 Qxd5 5. d4 Nf6 6. Be2 Nc6 7. O-O cxd4 8.
cxd4 Be7 9. Nc3 Qd6 10. Qb3 O-O 11. Rd1 b6 12. Nb5 Qd8 13. Ne5 Bb7 14. Qh3 a6
15. Bf3 axb5 16. Nxc6 Qe8 17. Nxe7+ Qxe7 18. Bg5 Bxf3 19. Qxf3 Rfd8 20. Qc6 Qd7
21. Qf3 Qd5 22. Qf4 Nh5 23. Qh4 f6 24. Be3 g6 25. Re1 Rf8 26. Bh6 Ng7 27. Qf4
Rf7 28. Bxg7 Kxg7 29. Qe4 Qxe4 30. Rxe4 Re7 31. d5 Kf7 32. dxe6+ Rxe6 33. Rxe6
Kxe6 34. Kf1 Kd5 35. Ke2 b4 36. Kd3 Kc5 37. Rc1+ Kb5 38. Ra1 h5 39. g3 g5 40. h4
Rd8+ 41. Ke3 Re8+ 42. Kd3 gxh4 43. gxh4 Rg8 44. Ke3 Rg4 45. Rd1 Rxh4 46. Rd6 Rc4
47. Rxf6 Rc2 48. b3 Rxa2 49. Rf5+ Ka6 50. Rxh5 Rb2 51. Kd4 Rxb3 52. Kc4 Rb1 53.
Rh8 b5+ 54. Kc5 b3 55. Kb4 b2 56. Rh6+ Kb7 57. Kb3 1/2-1/2

[Event "World Junior Open 2015"]
[Site "Khanty-Mansiysk RUS"]
[Date "2015.09.07"]
[Round "6.23"]
[White "Ratkovic, Miloje"]
[Black "Hasenohr, Benedict"]
[Result "1-0"]
[BlackTitle "FM"]
[WhiteElo "2388"]
[BlackElo "2309"]
[WhiteFideId "914517"]
[BlackFideId "1303309"]
[EventDate "2015.09.02"]

1. d4 d5 2. c4 c6 3. Nc3 Nf6 4. Nf3 dxc4 5. e3 b5 6. a4 b4 7. Na2 e6 8. Bxc4
Nbd7 9. O-O Bb7 10. Bd2 a5 11. Nc1 c5 12. Qe2 cxd4 13. Nxd4 Bd6 14. Rd1 O-O 15.
Be1 Qb8 16. f4 e5 17. Nf5 Bc5 18. Bb5 Bc8 19. Nd3 exf4 20. Rac1 Qa7 21. Bf2 fxe3
22. Bh4 Bb6 23. Kh1 Nc5 24. Nh6+ gxh6 25. Nxc5 Bg4 26. Qxe3 Bxc5 27. Rxc5 Bxd1
28. Bxf6 1-0

[Event "World Junior Open 2015"]
[Site "Khanty-Mansiysk RUS"]
[Date "2015.09.07"]
[Round "6.24"]
[White "Megalios, Konstantinos"]
[Black "Beradze, Irakli"]
[Result "1/2-1/2"]
[WhiteElo "2242"]
[BlackElo "2380"]
[WhiteFideId "4238044"]
[BlackFideId "13604597"]
[EventDate "2015.09.02"]

1. d4 Nf6 2. c4 e6 3. g3 Bb4+ 4. Nd2 d5 5. Bg2 O-O 6. Nf3 Nbd7 7. O-O c6 8. Qc2
b6 9. e4 Bb7 10. e5 Ne8 11. cxd5 cxd5 12. Re1 Rc8 13. Qd1 Qc7 14. a3 Be7 15. Nf1
Qc2 16. Qxc2 Rxc2 17. Ne3 Rc8 18. Bd2 Nc7 19. h4 Rfd8 20. Rac1 Ne8 21. Bf1 Rxc1
22. Rxc1 Rc8 23. Rxc8 Bxc8 24. Ne1 Nc7 25. f4 Nb8 26. Bc3 Ba6 27. a4 g6 1/2-1/2